| 000 | 00544nam a2200181Ia 4500 | ||
|---|---|---|---|
| 008 | 151202s9999||||xx |||||||||||||| ||und|| | ||
| 082 | _bPNVM-61549 | ||
| 100 | _aशिरवळकर सुहास. | ||
| 245 | _aझलक. | ||
| 260 | _bसाहीत्य संपदा प्रकाशन कल्याण. | ||
| 260 | _c61549 | ||
| 300 | _a104 | ||
| 600 | _aशिरवळकर सुहास. | ||
| 630 | _aझलक. | ||
| 700 | _aशिरवळकर सुहास. | ||
| 730 | _aझलक. | ||
| 942 | _cBOOK | ||
| 999 |
_c1328083 _d1328080 |
||